00368nam a22001097a 4500082001000000100003000010245009700040260003600137300001900173650003700192700002900229 a621.3 aKhurshid, Muhammad Hasnat aDamage Assessment using Temporal Multi Spectral Satellite Images /cMuhammad Hasnat Khurshid aIslamabad :bMCS - NUST,c2012. a65 p. ;c30cm. aElectrical Engineering-MS-Thesis aDr. Muhammad Faisal Khan